• 首页
  • 本馆介绍
  • 公告通知
  • 最新文献
  • 馆藏检索
  • 电子资源
  • 读者荐购
  • 参考咨询
  • CALIS
  • 我的图书馆
  • 登录
  • 详细信息显示
  • 放入我的书架
  • 预约/预借图书
  • 作者相关作品
  • 分类相关作品
  • 丛书相关作品
  • 出版社相关作品

书目信息

  • 表格格式
  • 工作单格式
  • 卡片格式
题名:
寿险精算学
    
 
作者: 王燕 编著
分册:  
出版信息: 北京   中国人民大学出版社  2008
页数: 304页
开本: 23cm
丛书名:
单 册:
中图分类: F840.62
科图分类:
主题词: 人寿保险--计算方法--资格考试--教材
电子资源:
ISBN: 978-7-300-09324-6
 
 
 
 
 
000 00739nam0 2200229 450
001 1357842979
005 20181218091354.61
010    @a978-7-300-09324-6@dCNY38.00
100    @a20080624d2008 em y0chiy0110 ea
101 0  @achi
102    @aCN@b110000
105    @ay z 000yy
200 1  @a寿险精算学@9shou xian jing suan xue@f王燕编著
210    @a北京@c中国人民大学出版社@d2008
215    @a304页@d23cm
300    @a21世纪保险精算系列教材 精算师考试用书
330    @a本书分为教材和学习辅导两部分,内容包括:生命函数与生命表理论、人寿保险趸缴净保费的厘定、生存年金等。
606 0  @a人寿保险@x计算方法@x资格考试@j教材
690    @aF840.62@v4
701  0 @a王燕@9wang yan@4编著
801  0 @aCN@bSG08@c20080625
905    @aZUCC@dF840.62@eW415
    
    寿险精算学/王燕编著.-北京:中国人民大学出版社,2008
    304页;23cm
    21世纪保险精算系列教材 精算师考试用书
    
    ISBN 978-7-300-09324-6:CNY38.00
    本书分为教材和学习辅导两部分,内容包括:生命函数与生命表理论、人寿保险趸缴净保费的厘定、生存年金等。
●
相关链接 在E读中查询图书 在当当中查询图书 在豆瓣中查询图书


正题名:寿险精算学     索取号:F840.62/W415         预约/预借

序号 登录号 条形码 馆藏地/架位号 状态 备注
1 1301652   213016528   社科库409/409社科库 55排2列5层/ [索取号:F840.62/W415] 在馆    
2 490671   204906717   社科库409/409社科库 55排2列5层/ [索取号:F840.62/W415] 在馆    
3 490672   204906726   社科库409/409社科库 55排2列5层/ [索取号:F840.62/W415] 在馆    
4 490673   204906735   社科库409/409社科库 55排2列5层/ [索取号:F840.62/W415] 在馆    
5 493982   204939825   社科库409/409社科库 55排2列5层/ [索取号:F840.62/W415] 在馆    
河南城建学院图书馆 欢迎您!
大连网信软件有限公司© 版权所有